| 000 | 00742nam a2200217 a 4500 | ||
|---|---|---|---|
| 001 | ASIN9839541552 | ||
| 005 | 20170105102849.0 | ||
| 008 | 130820s2007 xxu eng d | ||
| 020 | _a9839541552 (paperback) | ||
| 020 | _a9789839541557 (paperback) | ||
| 040 | _a0 | ||
| 082 | _a923 | ||
| 100 | 1 | _aLane-Poole, Stanley. | |
| 245 | 1 | 0 |
_aSaladin and the fall of the kingdom of jersualem / _cStanley Lane-Poole. |
| 250 | _aRevised. | ||
| 260 |
_a[S.l.] : _bIslamic Book Trust, _c2007. |
||
| 300 | _a408 p. | ||
| 520 | _aPaperback (Top) 408 Pages Stanley Lane-Poole (Revised Edition, Incld. 8 Pages Of Colour Illustrations. | ||
| 856 | 4 | 0 |
_3Amazon.com _uhttp://www.amazon.com/exec/obidos/ASIN/9839541552/chopaconline-20 |
| 942 |
_2ddc _cBK |
||
| 999 |
_c14196 _d14196 |
||